Teorie města
Guardado en:
| Autor principal: | |
|---|---|
| Formato: | Libro |
| Lenguaje: | checo |
| Publicado: |
Praha :
Československá akademie věd,
1965
|
| Materias: | |
| Etiquetas: |
Sin Etiquetas, Sea el primero en etiquetar este registro!
|
MARC
| LEADER | 00000nam a22000003a 4500 | ||
|---|---|---|---|
| 001 | stu74015 | ||
| 005 | 20200807173104.0 | ||
| 008 | 020214s1965------------------------cze-d | ||
| 040 | |a STU |b slo | ||
| 041 | 0 | |a cze | |
| 100 | 1 | |a Hrůza, Jiří |4 aut | |
| 245 | 1 | |a Teorie města | |
| 260 | |a Praha : |b Československá akademie věd, |c 1965 | ||
| 300 | |a 325 s | ||
| 650 | 7 | |a urbanizmus |2 stusub | |
| 650 | 7 | |a dejiny urbanizmu | |
| 650 | 7 | |a architektúra-teória |2 stusub | |
| 650 | 7 | |a renesancia | |
| 650 | 7 | |a Vitruvius | |
| 650 | 7 | |a 19. storočie | |
| 650 | 7 | |a Alberti | |
| 650 | 7 | |a Frank Lloyd Wright | |
| 996 | |b 284AU02881 |c A*3622 U |l AAKNST |s P |a 0 |w stu74015_0001 | ||
| 996 | |b 284AU08479 |c A* 11739/U |l AAKNAR |s A |a 24 |w stu74015_0002 | ||
| 996 | |b 284AU09704 |c A* 13066/U |l AAKNAR |s A |a 24 |w stu74015_0003 | ||